Histoire du drapeau de la Mongolie - Statistiques

Statistiques générales
  • Ce quiz a été pris 50 fois
    3 depuis la dernière actualisation
  • Le résultat moyen est 6 sur 10
Statistiques - réponses
Hint Réponse % Correct
Empire mongol (1206-1294)
100%
Premier drapeau de la Mongolie (1992-2011)
100%
Deuxième drapeau de la Mongolie (drapeau actuel depuis 2011)
100%
Dynastie Qing (1644-1911)
100%
Khaganat de Mongolie (1911-1924)
67%
Troisième drapeau de la république populaire mongole (1945-1992)
67%
Dynastie Yuan (1294-1368)
33%
Premier drapeau de la république populaire mongole (1924-1940)
33%
Khamag Mongol (1120-1206)
33%
Deuxième drapeau de la république populaire mongole (1940-1945)
0%
Aucun quiz correspondant
Distribution des résultats
% des personnes avec chaque résultat
Percentile par nombre de réponses
Votre historique - résultats
Vous n’avez pas pris ce quiz depuis la dernière actualisation